[Event "Sautron op 21th"]
[Site "Sautron"]
[Date "2014.08.31"]
[Round "5"]
[White "Mouahid, Naim"]
[Black "Pottier, Simeon"]
[Result "1-0"]
[WhiteElo "1850"]
[BlackElo "1643"]
[PlyCount "66"]
[EventDate "2014.08.28"]
[EventType "swiss"]
[EventRounds "6"]
[EventCountry "FRA"]
[SourceTitle "EXT 2015"]
[Source "ChessBase"]
[SourceDate "2014.11.20"]
[SourceVersion "1"]
[SourceVersionDate "2014.11.20"]
[SourceQuality "1"]

1. e4 d6 2. d4 Nf6 3. Nc3 g6 4. f3 c6 5. Be3 b5 6. Qd2 Nbd7 7. g4 Nb6 8. h4 h6 9. Nh3 Bb7 10. Bd3 Qc7 11. 0-0-0 a6 12. g5 hxg5 13. hxg5 Nfd7 14. Nf4 Rg8 15. Qf2 Bg7 16. Bf1 b4 17. Nb1 a5 18. c4 d5 19. c5 Nc4 20. Bxc4 dxc4 21. Ng2 a4 22. Bd2 e5 23. dxe5 Qxe5 24. Bxb4 Qxg5+ 25. f4 Qe7 26. Qc2 Qf6 27. Bc3 Qe6 28. f5 gxf5 29. Bxg7 Rxg7 30. exf5 Qf6 31. Rhe1+ Kd8 32. Nf4 Rg4 33. Qe4 Kc7 1-0

[Event "Sautron op 21th"]
[Site "Sautron"]
[Date "2014.08.30"]
[Round "3"]
[White "Mouahid, Naim"]
[Black "Hutois, Mickael"]
[Result "0-1"]
[WhiteElo "1850"]
[BlackElo "2179"]
[PlyCount "200"]
[EventDate "2014.08.28"]
[EventType "swiss"]
[EventRounds "6"]
[EventCountry "FRA"]
[SourceTitle "EXT 2015"]
[Source "ChessBase"]
[SourceDate "2014.11.20"]
[SourceVersion "1"]
[SourceVersionDate "2014.11.20"]
[SourceQuality "1"]

1. e4 e5 2. Nf3 Nc6 3. d4 exd4 4. Nxd4 Nf6 5. Nxc6 bxc6 6. Bd3 d5 7. exd5 cxd5 8. 0-0 Be7 9. Bb5+ Bd7 10. Bxd7+ Qxd7 11. Nd2 0-0 12. Nb3 c5 13. c3 Rab8 14. Re1 Rfd8 15. Qe2 Bf8 16. Bg5 Re8 17. Qd2 Ne4 18. Qc1 Nxg5 19. Qxg5 Rxe1+ 20. Rxe1 c4 21. Nd4 Rxb2 22. Nf5 g6 23. Nh6+ Bxh6 24. Qxh6 Rxa2 25. h4 Ra6 26. Qg5 Re6 27. Rd1 Rd6 28. Rb1 Rb6 29. Rd1 f5 30. g4 Rd6 31. Re1 Re6 32. Rd1 fxg4 33. Rxd5 Qe7 34. Qxg4 h5 35. Qxc4 Kh7 36. Rg5 Re1+ 37. Kg2 Kh6 38. Qc6 Re6 39. Qa8 Re4 40. Qh8+ Qh7 41. Qf8+ Qg7 42. Qxg7+ Kxg7 43. Ra5 Rxh4 44. Rxa7+ Kh6 45. Rc7 Ra4 46. Rc5 h4 47. Rc6 Kh5 48. Rc5+ Kg4 49. Rc8 h3+ 50. Kg1 g5 51. Rd8 Ra2 52. c4 Rc2 53. Rd4+ Kh5 54. Re4 Kg6 55. Rd4 Kf5 56. Rd5+ Kf4 57. c5 g4 58. Rd4+ Kf3 59. Rd3+ Ke4 60. Re3+ Kf4 61. Re8 Rxc5 62. Rf8+ Rf5 63. Re8 Re5 64. Rf8+ Ke4 65. Rg8 Kf3 66. Rf8+ Ke2 67. Rf4 Rg5 68. Re4+ Kf3 69. Re8 Rf5 70. Re3+ Kf4 71. Re8 Rf7 72. Rg8 Kf3 73. Ra8 Rh7 74. Ra3+ Kf4 75. Ra4+ Kg5 76. Ra5+ Kh4 77. Ra8 Kg5 78. Ra5+ Kf6 79. Ra6+ Ke5 80. Ra5+ Kd6 81. Ra6+ Kc5 82. Ra5+ Kb6 83. Rd5 Kc6 84. Rd4 Rg7 85. Rd3 Rd7 86. Rc3+ Kd5 87. Ra3 Ke4 88. Ra8 Rd1+ 89. Kh2 Rd4 90. Ra3 Kf4 91. Ra8 Kf3 92. Ra2 Re4 93. Ra3+ Kxf2 94. Ra8 Re3 95. Rg8 Rg3 96. Rf8+ Rf3 97. Rg8 Rf4 98. Ra8 Rf5 99. Rg8 Kf3 100. Re8 g3+ 0-1

[Event "Rohde op 08th"]
[Site "Sautron"]
[Date "2008.10.31"]
[Round "8"]
[White "Dubois, Pierre"]
[Black "Mouahid, Naim"]
[Result "1/2-1/2"]
[WhiteElo "1836"]
[BlackElo "1600"]
[PlyCount "91"]
[EventDate "2008.10.25"]
[EventType "swiss"]
[EventRounds "9"]
[EventCountry "FRA"]
[SourceTitle "EXT 2009"]
[Source "ChessBase"]
[SourceDate "2008.11.26"]
[SourceVersion "1"]
[SourceVersionDate "2008.11.26"]
[SourceQuality "1"]

1. e4 e6 2. d4 d5 3. Nc3 dxe4 4. Nxe4 Nd7 5. Nf3 Ngf6 6. Bg5 Be7 7. Nxf6+ Nxf6 8. Bd3 0-0 9. 0-0 b6 10. c3 Bb7 11. Ne5 Ne4 12. Bxe7 Qxe7 13. Qe2 Nf6 14. g4 Nd7 15. Rae1 Rac8 16. Qc2 Nxe5 17. Rxe5 Qh4 18. f3 g6 19. Be4 Ba6 20. Qf2 Qf6 21. Re1 c5 22. f4 cxd4 23. g5 Qd8 24. Rd1 d3 25. Qe3 Qe7 26. Bxd3 Bxd3 27. Rxd3 Rfd8 28. Red5 Rxd5 29. Rxd5 Rd8 30. Rxd8+ Qxd8 31. Qd4 Qxd4+ 32. cxd4 h6 33. h4 hxg5 34. hxg5 Kg7 35. Kf2 f5 36. Ke3 Kf7 37. Kd3 Ke7 38. Kc4 a6 39. a4 Kd6 40. b4 Kc6 41. b5+ axb5+ 42. axb5+ Kd6 43. Kc3 Kd7 44. Kb4 Ke7 45. Kc4 Kd6 46. Kc3 1/2-1/2